Anagramy owoców #1 - Statystyki

Ogólne statystyki
  • Ten quiz został rozwiązany 106 razy
  • Średni wynik to 10 z 10
Statystyki odpowiedzi
Anagram Odpowiedź % Poprawnych
NBANA BANAN
100%
LEMON MELON
100%
KŚAWLI ŚLIWKA
100%
YCYNART CYTRYNA
99%
GUKRASZ GRUSZKA
99%
JOŁBAK JABŁKO
99%
NMAAIL MALINA
99%
AAASNN ANANAS
96%
BURZA ARBUZ
96%
SWAUTRKAK TRUSKAWKA
93%
Nie znaleziono quizów pasujących do podanych kryteriów
Rozkład punktacji
Procent ludzi z każdym wynikiem
Percentyl według liczby udzielonych odpowiedzi
Twoja historia wyników
Nie rozwiązałeś tego quizu